000 00600nam a2200217Ia 4500
005 20241129111123.0
008 241129s9999||||xx |||||||||||||| ||und||
020 _a978-93-90393-91-6
037 _aTB
040 _aCRL
_beng
_cCRL
041 _aeng
_2eng
084 _aR635x1,1 R3
_qCRL
100 _aChandra Dipankar Au.
_9723398
245 0 _aIntroduction to the yogasutra
_cChandra Dipankar Au.
260 _aDelhi, India
_bPeridot
_c2023
300 _avi,272p.
365 _aINR
_b1800
650 _aIndian Philosophy
942 _cTB
_hR635x1,1 R3
999 _c1229023
_d1229023